000 00534nam a2200181Ia 4500
008 090122s9999 xx 000 0 und d
082 _b12947
100 _aलागू
_bचिंतामणी
245 _aविंग कमांडर
260 _bपारस
_c2008
300 _a202
501 _aज्ञानदा ग्रंथ वितरण
600 _aलागू
630 _aविंग कमांडर
700 _aलागू
730 _aविंग कमांडर
942 _cBOOK
999 _c37024
_d37024